[Event "Budapest Spring Festival 2018"]
[Site "Budapest"]
[Date "2018.04.25"]
[Round "8"]
[White "Gonda, Laszlo"]
[Black "Papp, Gabor"]
[Result "1-0"]
[WhiteElo "2510"]
[BlackElo "2614"]
[Annotator "TA"]
[PlyCount "71"]
[EventDate "2018.??.??"]
[EventType "swiss"]
[EventCountry "HUN"]
[SourceTitle "playchess.com"]
[Source "ChessBase"]
[SourceQuality "1"]

{[%evp 13,71,29,25,30,28,21,27,27,33,25,23,21,15,15,30,28,29,22,21,19,19,13,20,26,50,33,27,23,20,24,50,55,88,88,91,91,91,85,91,91,106,106,139,131,227,207,190,187,295,178,543,547,664,663,1134,1171,1077,766,6499,6415]} 1. Nf3 d5 2. g3 Nc6 3. d4 Bf5 4. Bg2 e6 5. O-O Nb4 6. Na3 h6 {D02: 1 d4 d5 2 Nf3 sidelines, including 2...Nf6 3 g3 and 2...Nf6 3 Bf4} 7. c3 Nc6 {LiveBook: 11 Games} 8. Qb3 Rb8 {White has an edge.} 9. Ne5 $146 ({Predecessor:} 9. c4 Bxa3 10. bxa3 Be4 11. cxd5 exd5 12. Bf4 Nge7 13. Qc3 O-O 14. a4 {1-0 (48) Fressinet,L (2702)-Socko,B (2599) Berlin 2015}) 9... Nxe5 10. dxe5 c6 11. e4 Bxe4 12. Bxe4 dxe4 13. Be3 Qc7 14. Bxa7 Ra8 15. Bd4 {[%cal Ba7d4,Bd4c5,Bc5d6][%mdl 32] Hoping for Nc4.} Bxa3 $1 16. bxa3 Ne7 17. Rfe1 {[%cal Bf1e1,Be1e4,Be4c4][%mdl 32]} O-O 18. Bc5 $1 Rfc8 19. Bd6 $36 {[%mdl 2048] White has the initiative.} Qd7 20. Rxe4 b5 21. Rd1 Nd5 22. c4 bxc4 23. Rxc4 Ra6 24. Rb1 Rb6 25. Qc2 Rxb1+ 26. Qxb1 f5 27. Qc2 Qe8 28. a4 {[%cal Ba3a4,Ba4a5,Ba5a6][%mdl 32]} Qh5 {[#]} (28... Qd7 $16 29. a3 Kh8) 29. a5 $1 $18 ({And not} 29. Rxc6 Rxc6 30. Qxc6 Qd1+ 31. Kg2 Nf4+ 32. gxf4 Qg4+ 33. Kf1 Qd1+ 34. Kg2 Qg4+ 35. Kf1 Qd1+ 36. Kg2 $11) 29... Ra8 {[#]} 30. Ra4 $1 ({Don't play} 30. Rxc6 $6 Rxa5 31. Kg2 Ra8 $14) 30... f4 (30... c5 $142 31. Bxc5 Ra6) 31. a6 {aiming for a7.} ({Not} 31. Qxc6 Qd1+ 32. Kg2 Ne3+ 33. fxe3 Qe2+ 34. Kg1 Qe1+ 35. Kg2 Qe2+ 36. Kg1 Qe1+ 37. Kg2 Qe2+ $11) 31... Ra7 $2 (31... Nc3) 32. Ra3 {White is clearly winning.} Qe8 33. Rb3 Ne7 34. Rb7 Nc8 35. Qc4 f3 36. Qg4 {Precision: White = 89%, Black = 32%.} 1-0

[Event "Budapest Spring Festival 2018"]
[Site "Budapest"]
[Date "2018.04.25"]
[Round "8"]
[White "Kotronias, Vasilios"]
[Black "Deac, Bogdan-Daniel"]
[Result "1-0"]
[WhiteElo "2509"]
[BlackElo "2578"]
[Annotator "TA"]
[PlyCount "101"]
[EventDate "2018.??.??"]
[EventType "swiss"]
[EventCountry "HUN"]
[SourceTitle "playchess.com"]
[Source "ChessBase"]
[SourceQuality "1"]

{[%evp 24,101,20,19,42,0,0,-8,0,-7,0,-18,-7,-10,23,-22,21,16,19,8,31,27,57,60,102,66,61,0,-12,-41,83,83,86,87,80,71,153,153,152,0,0,0,0,0,0,0,0,0,28,8,154,143,129,56,61,65,193,18,239,235,220,215,422,407,589,552,583,566,933,886,854,745,1297,1144,12836,12833,12837,12837,12840,12840]} 1. e4 e5 2. Nf3 Nc6 3. Bb5 a6 4. Ba4 Nf6 5. O-O Be7 6. Re1 b5 7. Bb3 O-O 8. h3 d6 9. c3 Nb8 10. d4 Nbd7 11. Nbd2 {[%cal Bb1d2,Bd2f1,Bf1g3,Bg3f5][%mdl 32]} c5 12. Nf1 {C95: Closed Ruy Lopez: Breyer Variation with 10 d4} Re8 13. Ng3 {LiveBook: 35 Games} Qc7 (13... Bf8 14. Nf5 exd4 15. cxd4 Bb7 16. e5 dxe5 17. dxe5 Bxf3 18. Qxf3 Nxe5 19. Rxe5 Rxe5 {½-½ (37) Navara,D (2737)-Ponomariov,R (2709) Czech Republic 2017}) 14. Nf5 {White is slightly better.} Bf8 15. d5 c4 16. Bc2 Nc5 17. g4 Bxf5 $146 ({Predecessor:} 17... Kh8 18. Kh2 Ng8 19. Ng3 g6 {0-1 (93) Remes,R (2020)-Ludwig,P (1991) Czechia 2010}) 18. gxf5 g6 19. Bg5 Bg7 20. Nh2 h6 21. Be3 gxf5 22. exf5 e4 23. Ng4 {Threatens to win with Nxf6+.} Nd3 24. Bxd3 exd3 ({Wrong is} 24... cxd3 $2 25. Nxf6+ Bxf6 26. Bxh6 $18) 25. Nxf6+ (25. Qf3 $1 $14) 25... Bxf6 $11 26. Qh5 Rxe3 (26... Re4 $1 $15 {stays ahead.}) 27. Rxe3 $16 Kh7 28. Rg3 $1 Qe7 29. Kf1 $1 Re8 (29... a5 $142) 30. Re3 Qd7 31. Re6 $2 (31. Rxe8 $16 Qxe8 32. Re1) 31... fxe6 $11 32. Qg6+ Kh8 {Strongly threatening ...Bg5.} 33. Qxf6+ Qg7 34. Qxg7+ Kxg7 35. fxe6 {[%mdl 4096] Endgame KR-KR} Kf8 36. Re1 b4 (36... a5 $11) 37. cxb4 $16 Rb8 38. Re4 (38. a3 $1 $16) 38... Rxb4 $14 {Hoping for ...c3.} 39. Ke1 {b3! is the strong threat.} a5 ({Black should play} 39... Rxb2 $14 40. Rxc4 Rxa2) 40. f3 $2 (40. Kd1 $18) 40... Ke7 $2 (40... Rxb2 $11 {and Black has nothing to worry.} 41. Rxc4 Rxa2) 41. a3 $18 Rb5 {[#]} 42. Rd4 $1 ({Not} 42. Rxc4 Rxd5 43. Kd2 Rf5 $14) 42... Rxb2 $2 (42... a4 {keeps fighting.} 43. Rxc4 Rxd5 44. Rxa4 Rc5) 43. Rxc4 Re2+ (43... d2+ {might work better.} 44. Ke2 d1=Q+ 45. Kxd1 Rb5) 44. Kd1 {White is clearly winning.} Re5 {[#]} 45. Rd4 $1 {[%cal Rd4d3]} Re3 46. Ra4 Rxf3 47. Rxa5 Rxh3 48. Ra7+ Ke8 49. a4 {[%cal Ba3a4,Ba4a5,Ba5a6][%mdl 32]} Rh5 50. a5 Rxd5 51. a6 {Precision: White = 67%, Black = 24%.} 1-0

[Event "Budapest Spring Festival 2018"]
[Site "Budapest"]
[Date "2018.04.25"]
[Round "8"]
[White "Galyas, Miklos"]
[Black "Savchenko, Boris"]
[Result "1/2-1/2"]
[WhiteElo "2495"]
[BlackElo "2563"]
[Annotator "TA"]
[PlyCount "74"]
[EventDate "2018.??.??"]
[EventType "swiss"]
[EventCountry "HUN"]
[SourceTitle "playchess.com"]
[Source "ChessBase"]
[SourceQuality "1"]

{[%evp 25,74,0,0,-4,-4,-15,-6,-3,0,0,37,25,20,27,31,24,27,23,45,22,52,25,31,25,20,25,26,26,26,29,30,12,25,11,11,0,52,0,0,0,0,0,0,0,0,0,0,0,8,0,0]} 1. d4 Nf6 2. Nf3 d5 3. Bf4 c5 4. e3 Nc6 5. Nbd2 e6 6. c3 Bd6 7. Bg3 O-O 8. Bd3 b6 9. Qe2 {D02: 1 d4 d5 2 Nf3 sidelines, including 2...Nf6 3 g3 and 2...Nf6 3 Bf4} (9. e4 Be7 10. e5 Nh5 11. Nf1 cxd4 12. Nxd4 Nxd4 13. cxd4 g6 14. Ne3 f5 15. exf6 Bxf6 16. Be2 Nxg3 17. hxg3 {½-½ (37) Nakamura,H (2787)-Svidler,P (2760) Moscow 2018}) 9... Bb7 10. Rd1 Re8 11. e4 Be7 12. e5 Nh5 13. a3 g6 {LiveBook: 8 Games} 14. Nf1 f5 {[#] aiming for ...f4.} 15. exf6 Bxf6 {[%cal Rc5d4]} 16. Ne3 cxd4 17. cxd4 {[#]} Bxd4 $146 {[#]} ({Predecessor:} 17... Nxg3 18. hxg3 {½-½ (65) Artemiev,V (2653)-Sevian,S (2595) Martuni 2016}) 18. Bxg6 $1 {[%mdl 512]} hxg6 19. Nxd4 Nxd4 20. Rxd4 {Be5 is the strong threat.} e5 21. Rg4 Re6 22. O-O $1 d4 23. Qc4 Qf6 {Threatens to win with ...Rc8.} 24. Nd5 Bxd5 $1 25. Qxd5 Rf8 26. Re4 {[%cal Rg3e5]} Nxg3 27. hxg3 Kg7 28. f4 Rd8 29. Qb3 d3 30. Rd1 Qf5 (30... Rc6 $11) 31. Rxd3 (31. Qc4 $14 Re7 32. fxe5 (32. Rxd3 Rc8 $14)) 31... Qxe4 $11 {The position is equal.} 32. Rxd8 $14 {[%mdl 4096] Endgame KQR-KQR} Qe1+ 33. Kh2 exf4 34. Rd7+ Kf6 35. Rxa7 Qe3 36. Qc3+ Kg5 37. gxf4+ Qxf4+ {Precision: White = 70%, Black = 53%.} 1/2-1/2

[Event "Budapest Spring Festival 2018"]
[Site "Budapest"]
[Date "2018.04.25"]
[Round "8"]
[White "Jarmula, Lukasz"]
[Black "Boruchovsky, Avital"]
[Result "1-0"]
[WhiteElo "2492"]
[BlackElo "2559"]
[Annotator "TA"]
[PlyCount "79"]
[EventDate "2018.??.??"]
[EventType "swiss"]
[EventCountry "HUN"]
[SourceTitle "playchess.com"]
[Source "ChessBase"]
[SourceQuality "1"]

{[%evp 20,79,58,49,70,38,41,33,68,51,60,48,67,49,68,52,71,59,51,29,103,99,131,147,146,145,139,102,130,102,167,155,165,0,0,0,618,622,733,730,721,711,712,581,784,760,985,959,1074,1035,1082,1081,1028,1000,1159,1345,29982,29976,29990,29991,29994,29995]} 1. e4 e5 2. Nf3 Nc6 3. Bb5 a6 4. Ba4 Nf6 5. O-O Be7 6. Re1 b5 7. Bb3 d6 8. c3 O-O 9. d4 Bg4 10. Be3 Qc8 {C91: Closed Ruy Lopez: 7...d6 8 c3 0-0 9 d4} (10... exd4 11. cxd4 Na5 12. Nbd2 Nxb3 13. axb3 c5 14. Qc2 Nd7 15. e5 cxd4 16. Bxd4 dxe5 17. Nxe5 Nxe5 18. Bxe5 Re8 19. Bc3 {0-1 (84) Fedoseev,V (2718)-Carlsen,M (2837) Riadh 2017}) 11. Nbd2 {LiveBook: 3 Games} Rd8 $146 ({Predecessor:} 11... Na5 12. Bc2 c5 13. dxe5 dxe5 14. h3 Bxf3 15. Qxf3 Rd8 16. Nf1 Qe6 17. Bg5 Ra7 18. Ne3 {½-½ (41) Berndt,S (2442)-Acs,P (2601) Germany 2010}) 12. Qb1 (12. h3 $5 {[%cal Rh3g4]} Bh5 13. Qb1 $14) 12... Bh5 {White is slightly better.} 13. a4 b4 14. a5 bxc3 15. bxc3 exd4 16. Nxd4 Nxd4 17. cxd4 d5 18. e5 Ng4 19. Bf4 Bg6 (19... Rb8 $11) 20. Qa2 $16 Rb8 21. h3 ({Don't play} 21. Bxd5 $6 c6 $11) 21... Nxf2 22. Kxf2 Qf5 23. g3 {Kg2 is the strong threat.} Qxh3 24. Rh1 Qf5 {[#]} (24... Qe6 $16) 25. Rac1 $1 $18 {[%cal Rc1c7]} ({And not} 25. Bxd5 Qd7 $11) 25... c5 26. dxc5 $2 ({White should try} 26. Bxd5 $18 {Threatens to win with Be4.} Qd3 27. Qc4 Qxd4+ 28. Qxd4 cxd4 29. e6) 26... Rb4 $1 $11 27. c6 {[%cal Bc5c6,Bc6c7][%mdl 32] Black must now prevent c7.} Bg5 $2 {[%mdl 8192]} (27... Rxf4+ $11 28. gxf4 Qxf4+ 29. Nf3 Be4) 28. c7 $18 Rc8 29. Bxd5 Bxf4 30. gxf4 Rxf4+ 31. Nf3 Qxe5 32. Qd2 h6 33. Rc4 Rf6 34. Bb7 Rxc7 35. Qd8+ Kh7 36. Qxc7 Qb2+ 37. Kg3 {Threatening mate with Ng5+.} Bf5 38. Rc6 {White mates.} Be6 {[#]} 39. Rxe6 $1 fxe6 (39... Rxe6 40. Ng5+) 40. Ng5+ {Precision: White = 75%, Black = 46%.} 1-0

[Event "Budapest Spring Festival 2018"]
[Site "Budapest"]
[Date "2018.04.25"]
[Round "8"]
[White "Horvath, Adam"]
[Black "Beshukov, Sergei"]
[Result "0-1"]
[WhiteElo "2486"]
[BlackElo "2389"]
[Annotator "TA"]
[PlyCount "100"]
[EventDate "2018.??.??"]
[EventType "swiss"]
[EventCountry "HUN"]
[SourceTitle "playchess.com"]
[Source "ChessBase"]
[SourceQuality "1"]

{[%evp 21,100,14,38,38,48,19,33,46,46,46,46,46,56,38,58,47,43,45,42,0,0,0,0,-49,-58,-52,-56,-86,-81,-83,-91,-156,-156,-166,-129,-135,-140,-139,-116,-338,-341,-462,-339,-322,-322,-320,-310,-425,-400,-627,-514,-493,-368,-478,-447,-520,-493,-498,-459,-422,-302,-402,-391,-411,-409,-498,-465,-624,-611,-582,-593,-756,-763,-756,-724,-894,-813,-1543,-1558,-5406,-2348]} 1. e4 c5 2. Nf3 e6 3. d4 cxd4 4. Nxd4 Nc6 5. Nc3 Qc7 6. Be3 a6 7. Qf3 {B48: Sicilian: Taimanov: 5 Nc3 Qc7 6 Be3 a6 without Be2} Nf6 8. O-O-O Nxd4 9. Bxd4 e5 10. Qg3 d6 11. Be3 b5 {LiveBook: 3 Games} 12. Bd3 $146 ({Predecessor:} 12. f4 Bb7 13. Bd3 Nh5 14. Qg4 Nxf4 15. Bxf4 exf4 {1-0 (26) Fressinet,L (2692)-Stefansson,H (2581) Gjakova 2016}) 12... Be6 13. f4 b4 14. Nd5 $1 {[%cal Rd5c7]} Bxd5 15. exd5 {And now fxe5 would win.} e4 $1 {[%cal Re4d3]} 16. Be2 Be7 17. Kb1 O-O 18. Bd4 $1 Rfb8 19. Rhe1 a5 20. b3 (20. Bf1 $5 {[%cal Re1e4]}) 20... Ne8 21. Qe3 f5 22. Qh3 Qc8 23. g4 Bf6 24. Bxf6 Nxf6 25. g5 Ne8 $1 {[%cal Bf6e8,Be8c7,Bc7b5,Bb5c3][%mdl 32]} 26. g6 {[#]} ({White should play} 26. Qe3) 26... h6 $1 $17 ({Of course not} 26... hxg6 27. Rg1 $15) 27. Rd4 a4 28. Rc4 Qd7 29. Qe3 ({Don't blunder} 29. Rxe4 $2 axb3 30. Bd1 Qa7 $19) 29... Nc7 {aiming for ...axb3.} 30. Qd2 $2 {[#]} (30. Rd4 $17) 30... Nb5 $1 $19 31. Kb2 Nc3 {Threatens to win with ...axb3.} ({Weaker is} 31... axb3 32. cxb3 Qd8 33. Ka1 $19) 32. Rxb4 Rxb4 33. Qxc3 Rb7 {[%cal Bb4b7,Bb7b8,Bb8c8,Bc8c7][%mdl 32]} 34. Qc6 Qe7 35. a3 (35. Kb1 $142) 35... Rbb8 36. Qc3 {and the idea b4 leaves White hopeful.} Rc8 37. Qd4 Qh4 38. Rf1 Qxh2 39. Rf2 Qg3 40. b4 Qxg6 41. Bb5 Rc7 42. Bc6 Rb8 43. Bxa4 Qg3 {Black is clearly winning.} 44. Bc6 e3 {[%cal Be4e3,Be3e2][%mdl 32]} 45. Re2 Re7 46. b5 Qf3 47. Re1 e2 48. a4 Re4 49. Qc3 Qxf4 50. a5 Re3 {Precision: White = 42%, Black = 75%.} (50... Rb4+ $142 51. Ka3 Rc4) 0-1

[Event "Budapest Spring Festival 2018"]
[Site "Budapest"]
[Date "2018.04.25"]
[Round "8"]
[White "Kobo, Ori"]
[Black "Barski, Radoslaw"]
[Result "1-0"]
[WhiteElo "2484"]
[BlackElo "2432"]
[Annotator "TA"]
[PlyCount "63"]
[EventDate "2018.??.??"]
[EventType "swiss"]
[EventCountry "HUN"]
[SourceTitle "playchess.com"]
[Source "ChessBase"]
[SourceQuality "1"]

{[%evp 18,62,62,56,66,72,64,65,69,57,86,79,117,128,139,121,164,156,157,128,250,240,264,205,388,375,370,370,1222,1066,1597,1554,1349,900,29985,29986,29986,0,29987,29988,29994,29995,29996,29997,29997,29998,29999]} 1. Nf3 Nf6 2. c4 g6 3. g3 Bg7 4. Bg2 O-O 5. d4 {[%cal Bd2d4,Bd4d5][%mdl 32]} d6 6. Nc3 Nc6 7. O-O Bf5 8. Be3 {E62: King's Indian: Fianchetto: 6...c6 and Panno Variation (6...Nc6) without ...a6} (8. Bg5 Ne4 9. Nxe4 Bxe4 10. d5 Na5 11. b3 c5 12. Rc1 Re8 13. Qd2 a6 14. Bh3 Bxf3 15. exf3 b5 16. Rfe1 bxc4 17. bxc4 {1-0 (62) Aronian,L (2785)-Fressinet,L (2672) Doha 2016}) 8... Ne4 9. Nxe4 Bxe4 10. d5 {LiveBook: 8 Games. White is slightly better.} Na5 11. Bd4 $1 {[%cal Rd4g7] And now Bxg7 would win.} c5 12. Bxg7 Kxg7 13. Qd2 {[#]} Kg8 $146 ({Predecessor:} 13... Rb8 14. a4 Qb6 15. Qe3 Bxf3 16. exf3 Qxb2 17. Qxe7 {0-1 (40) Tari,A (2584)-Fressinet,L (2672) Doha 2016}) 14. Rac1 Bxf3 15. exf3 ({Much less strong is} 15. Bxf3 a6 $14) 15... Rb8 16. Rfe1 b5 17. cxb5 Rxb5 18. Re4 Qb6 (18... f5 $16 19. Re6 Rf6) 19. b3 $18 (19. Rxe7 Rxb2 20. Rc2 Nc4 $11) 19... Rb4 20. Rce1 c4 $2 (20... Rxe4 {keeps fighting.} 21. Rxe4 (21. fxe4 Rb8 $16) 21... Qc7) 21. Bf1 Qc5 22. a3 Rxb3 $2 (22... c3 23. axb4 cxd2 24. bxc5 dxe1=N) 23. Qh6 $1 {White wants to mate with Rh4.} Rb2 {[#]} 24. R1e3 $1 {White threatens Rh4 and mate.} e5 25. Rh4 {[%csl Gh4][%cal Rh6h7]} Rfb8 26. Qxh7+ Kf8 27. Qh8+ Ke7 {[#]} 28. Rxe5+ $1 {[%mdl 512] White mates.} dxe5 29. Qxe5+ Kd7 30. Bh3+ f5 31. Rh7+ Kc8 32. Qe8# {Precision: White = 91%, Black = 21%.} 1-0

[Event "Budapest Spring Festival 2018"]
[Site "Budapest"]
[Date "2018.04.25"]
[Round "8"]
[White "Reshef, Omer"]
[Black "Nitin, S."]
[Result "1/2-1/2"]
[WhiteElo "2482"]
[BlackElo "2408"]
[Annotator "TA"]
[PlyCount "121"]
[EventDate "2018.??.??"]
[EventType "swiss"]
[EventCountry "HUN"]
[SourceTitle "playchess.com"]
[Source "ChessBase"]
[SourceQuality "1"]

{[%evp 10,121,5,8,42,34,51,47,62,62,55,63,84,85,94,85,103,103,102,85,113,127,117,118,146,136,137,139,179,165,183,181,183,174,202,190,189,169,159,95,186,8,12,0,0,0,25,38,49,43,72,50,124,102,87,65,67,22,16,0,0,0,0,-12,-12,-12,0,-8,-8,-9,-8,-8,-8,-8,-8,0,0,0,-2,-8,-8,-8,-8,-8,0,-7,-7,-8,-6,-16,-8,-8,-8,-8,0,0,0,0,0,-12,-8,-41,-8,-8,0,0,0,0,0,0,0,0,0,0]} 1. e4 c5 2. Nf3 d6 3. Bb5+ Nd7 4. Ba4 (4. d4 a6 5. Bxd7+ Bxd7 6. dxc5 dxc5 7. Nc3 e6 8. Bg5 Be7 9. Bxe7 Qxe7 10. O-O Rd8 11. Re1 Bc6 12. Qc1 Nf6 13. a4 O-O {0-1 (60) Duda,J (2717)-Nepomniachtchi,I (2729) Riadh 2017}) 4... Ngf6 5. O-O a6 6. c4 {LiveBook: 4 Games. B51: Sicilian: Moscow Variation (3 Bb5+) without 3...Bd7} e5 7. Nc3 g6 8. d3 {White is slightly better.} Bg7 9. a3 $146 ({Predecessor:} 9. Bg5 O-O 10. Qd2 Rb8 11. Rab1 Nb6 12. Bd1 {1-0 (54) Frolov,A (2405)-Kubicka,A (2151) Prague 2017}) 9... O-O 10. Rb1 Ne8 11. b4 Nc7 12. Bxd7 Qxd7 13. bxc5 dxc5 14. Be3 Ne6 15. Nd5 Qd8 16. Rb6 Re8 17. Qd2 f6 18. Rfb1 Bf8 19. Bh6 Be7 20. Ne1 Qd7 21. f4 exf4 22. Bxf4 Bd8 23. Nf3 Qf7 24. Rd6 (24. Bd6 $142) 24... b5 (24... Nxf4 $16 {is a better defense.} 25. Qxf4 Be6) 25. e5 $2 ({Don't do} 25. cxb5 $6 axb5 26. Rxb5 Ba6 $14) ({Better is} 25. Bh6 $18) 25... Nxf4 $11 26. Nxf6+ (26. Nxf4 fxe5 27. Nd5 Qf8 $17) 26... Bxf6 27. Rxf6 Ne2+ 28. Kf2 ({Of course not} 28. Qxe2 Qxf6 29. Qe4 Bf5 $17) 28... Qg7 {[#] And now ...Rxe5! would win.} 29. Qxe2 Bf5 30. Rd6 bxc4 (30... g5 $14) 31. Qa2 $16 Be6 32. Rbb6 Qf7 33. dxc4 Bxc4 34. Qd2 Rxe5 $1 {[#] aiming for ...Re2+.} 35. Rf6 Qd5 36. Qc3 Re2+ 37. Kg3 Qd3 38. Qxd3 Bxd3 39. Rbc6 c4 40. Rc7 $1 Rf8 41. Rxa6 Rf7 42. Raa7 Rxc7 43. Rxc7 $11 {[%mdl 4096] Endgame KRB-KRN} Ra2 44. Ne5 Bf1 45. Ng4 Rxg2+ 46. Kf4 Kf8 47. h4 Bd3 48. Nf6 h6 49. Ng4 Ke8 50. Nxh6 Kd8 51. Rc5 Kd7 52. Ke5 Re2+ 53. Kd5 Rd2 54. Kd4 Bf1+ 55. Ke3 Ra2 56. Nf7 {The position is equal.} Rxa3+ 57. Kf2 Bd3 58. Ne5+ Ke6 59. Nxd3 cxd3 60. h5 d2 61. Ke2 {Precision: White = 65%, Black = 52%.} 1/2-1/2

[Event "Budapest Spring Festival 2018"]
[Site "Budapest"]
[Date "2018.04.25"]
[Round "8"]
[White "Torma, Robert"]
[Black "Spalir, Jernej"]
[Result "1/2-1/2"]
[WhiteElo "2473"]
[BlackElo "2363"]
[Annotator "TA"]
[PlyCount "147"]
[EventDate "2018.??.??"]
[EventType "swiss"]
[EventCountry "HUN"]
[SourceTitle "playchess.com"]
[Source "ChessBase"]
[SourceQuality "1"]

{[%evp 16,147,12,23,37,42,51,48,49,50,55,37,54,50,53,50,72,43,90,79,112,61,62,9,27,35,64,30,40,37,67,49,60,43,188,190,183,162,152,112,117,119,123,120,110,107,150,127,127,85,81,79,82,46,52,54,100,92,105,45,118,93,104,108,105,105,154,158,152,150,140,147,206,166,167,81,75,95,95,95,95,83,152,8,40,59,596,584,1340,1233,1433,1271,1580,2397,2125,3671,2392,2321,3787,2377,2179,1942,4610,2448,5773,5522,1597,329,343,346,297,298,274,185,361,0,0,0,6,55,69,0,0,0,0,0,0,0,0,0,0,0,0,0]} 1. d4 d5 2. c4 c6 3. cxd5 cxd5 4. Bf4 Nc6 5. e3 Nf6 6. Nc3 a6 7. Be2 Bf5 8. Nf3 e6 9. Qb3 {LiveBook: 33 Games. D13: Slav Defence: Exchange variation without ...Bf5} (9. Ne5 Nxe5 10. Bxe5 Nd7 11. Bg3 Be7 12. O-O O-O 13. Rc1 Rc8 14. Bd3 Bxd3 15. Qxd3 Qa5 16. Rc2 Rc6 17. Rfc1 Rfc8 18. f3 Bb4 19. e4 Bxc3 20. bxc3 Nb6 21. h4 {0-1 (42) Vallejo Pons,F (2711)-Andreikin,D (2737) Tallinn 2016}) 9... Bb4 10. Ne5 Qe7 11. Nxc6 {White is slightly better.} bxc6 12. O-O O-O 13. Rfc1 $146 ({Predecessor:} 13. Na4 Bd6 14. Bxd6 Qxd6 15. Rfc1 a5 16. Qc3 Qb4 17. Qxc6 Qd2 18. Bf3 g5 19. Qc3 Rab8 {1-0 (19) Palac,M (2592)-Hera,I (2536) Obertraun 2011}) 13... Rfc8 14. Na4 Nd7 $1 15. Qd1 f6 16. Bg3 e5 17. a3 Bd6 18. dxe5 (18. Rc3 $16) 18... Bxe5 $14 19. Bd3 (19. Bxe5 $14 fxe5 20. b4) 19... Be6 20. Qc2 $36 {[%mdl 2048] White has good play.} h6 21. e4 (21. f4 $5 {[%cal Rf4e5]} Bd6 22. e4 $11) 21... Bxg3 22. hxg3 dxe4 23. Bxe4 Rab8 24. Re1 Qf7 ({Better is} 24... Kh8 $14) 25. Bg6 $18 Qe7 26. Bd3 {Threatens to win with Rxe6!} Ne5 27. Bxa6 Bb3 28. Qc5 $1 {[%cal Rc5e7]} Re8 29. Qxe7 Rxe7 30. Nc5 Kf8 31. Re3 Bd5 32. f4 Nd7 33. Rxe7 Kxe7 34. Nxd7 (34. Re1+ {feels hotter.} Kd6 35. Nb7+ Kc7 36. Re7 Kb6 37. Rxd7 Kxa6 38. Nc5+) 34... Kxd7 $16 {[%mdl 4096] Endgame KRB-KRB} 35. b4 Re8 36. Kf2 $1 Kd6 37. Bf1 (37. Be2 $16) 37... Rb8 ({Black should try} 37... g5 $1 $14) 38. Rc1 g5 39. Be2 Ra8 40. Rc3 Ra7 41. Rd3 Ke6 42. Bf3 Bxf3 43. Kxf3 {KR-KR} f5 (43... h5 $16 {was worth a try.} 44. Ke4 Ra4) 44. Ke3 Rg7 45. Kd4 (45. Rc3 $18 {is more deadly.}) 45... gxf4 46. gxf4 {aiming for Rh3.} Rxg2 47. Kc5 Rc2+ 48. Kb6 $1 Rc4 49. Rh3 (49. Kc7 $16) 49... Kd5 $11 50. Rxh6 c5 $2 {[%mdl 8192]} (50... Rc3 $1 $14) 51. b5 $18 Ra4 52. Rh3 c4 53. Kc7 Ra5 54. b6 $1 Rc5+ 55. Kd7 Rb5 56. Rh6 $1 (56. Kc7 Rc5+ 57. Kd7 c3 $18) 56... c3 57. Rd6+ Ke4 58. Rc6 Rb3 {[#]} 59. a4 $1 c2 60. Kc7 Kd3 {[#]} 61. b7 $2 (61. Rxc2 $1 {[%mdl 512] Black must now prevent Rc6.} Kxc2 62. a5) 61... Rc3 62. Rxc3+ Kxc3 63. b8=Q {Hoping for Qc8.} c1=Q {KQ-KQ} 64. Kb7 Qb2+ $2 (64... Qh1+ 65. Ka7 Qg1+ 66. Qb6 Qg7+ 67. Kb8 Qf8+ 68. Kb7 Kd2) 65. Ka8 $2 (65. Kc8 $18 {White threatens Qxb2+ and mate.} Qe2 66. Qc7+ (66. Qe5+ Qxe5 67. fxe5 f4 $11) 66... Kb3 67. a5) 65... Qg2+ $11 66. Qb7 Qe4 67. a5 {Strongly threatening a6.} Qxf4 68. a6 (68. Qc6+ $1 $14 Kd2 69. Qd5+ Ke3 70. Qb3+ Kf2 71. Qb2+ Kg3 72. a6) 68... Qd6 $1 {The position is equal.} 69. Qc8+ Kd2 70. Qc4 f4 71. a7 f3 72. Kb7 Qd7+ 73. Qc7 Qxc7+ 74. Kxc7 {Precision: White = 62%, Black = 36%.} 1/2-1/2

[Event "Budapest Spring Festival 2018"]
[Site "Budapest"]
[Date "2018.04.25"]
[Round "8"]
[White "Kanmazalp, Ogulcan"]
[Black "Yankelevich, Lev"]
[Result "1-0"]
[WhiteElo "2471"]
[BlackElo "2411"]
[Annotator "TA"]
[PlyCount "57"]
[EventDate "2018.??.??"]
[EventType "swiss"]
[EventCountry "HUN"]
[SourceTitle "playchess.com"]
[Source "ChessBase"]
[SourceQuality "1"]

{[%evp 25,57,0,22,21,46,50,53,67,158,149,172,177,172,182,195,167,248,247,230,128,216,236,333,287,708,707,697,688,920,735,2478,2279,29995,29996]} 1. e4 e5 2. Nf3 Nc6 3. Nc3 Nf6 4. d4 exd4 5. Nxd4 Bb4 6. Nxc6 bxc6 7. Bd3 O-O 8. O-O d5 9. exd5 cxd5 10. h3 {C47: Scotch Four Knights and Four Knights with 4 g3} c6 11. Qf3 Re8 12. Bg5 Rb8 13. Rad1 Be7 {LiveBook: 3 Games} 14. b3 {[#]} Bb7 $146 ({Predecessor:} 14... Nd7 15. Bf4 Rb4 16. a3 Rb7 17. b4 Nb6 {½-½ (33) Morozevich,A (2724)-Karjakin,S (2770) Kazan 2014}) 15. Rfe1 Bc8 16. Ne2 h6 {[#]} (16... Bd7 $14) 17. Bxh6 $1 $16 {[%mdl 512]} Rb6 (17... gxh6 18. Qg3+) 18. Bd2 Bb4 19. c3 Bd6 20. Bg5 Be5 (20... Re5 {was necessary.}) 21. c4 Rb7 22. cxd5 ({White should play} 22. Nf4 $18) 22... cxd5 (22... Qxd5 $16 23. Nd4 Bxd4 24. Bxf6 Rxe1+ 25. Rxe1 gxf6 26. Re8+ Kg7 27. Qxd5 (27. Rxc8 Qxf3 28. gxf3 Rd7 $16) 27... cxd5 28. Rxc8 Bb6) 23. Nf4 $18 {[#] And now Nxd5! would win.} Rbe7 (23... Qd6 $142 24. Bc4 Rbe7) 24. Bxf6 gxf6 $2 (24... Bxf6 25. Rxe7 Bxe7) 25. Qg3+ Kf8 26. Qh4 {[%cal Rh4h8]} Rb7 27. Ba6 {Qh6+ is the strong threat.} Rb4 28. Qh6+ Kg8 29. Nh5 {Precision: White = 81%, Black = 27%.} 1-0